000 01017nam a22003377a 4500
003 CHAP
005 20220817040816.0
008 971013s1989 r 00010 d
010 _a665
011 _a1637
035 _a813
040 _cCHAP
090 _aFolleto 12443
100 0 0 _aBryan, James E.
_915826
245 _aRuptura del reposo en los tubérculos de papa
260 _aLima, Perú :
_bCentro Internacional de la Papa,
_c1989
300 _a15 p.
490 _aGuía de investigación, 16
500 _a37-139
590 _aBATCH-UPD
_b10
_c20130110
_lUCH01
_h1545
590 _aBATCH-UPD
_b10
_c20130410
_lUCH01
_h0945
590 _aBATCH-UPD
_b10
_c20130914
_lUCH01
_h0910
590 _aCONVERSION
_b10
_c20130109
_lUCH01
_h1302
650 1 4 _aLetargo en plantas.
_966367
650 1 4 _aPapa
_xSemilla.
_985288
710 0 _aCentro Internacional de la Papa.
830 0 _aGuía de investigación, 16
_951486
901 _aBK
942 _cFOLL
949 _aFolleto 12443
_bBC
_cFOLL
_d-10272
_eTS1
_i813
_si
999 _c665
_d665